| 000 | 00827cab a2200277 4500 | ||
|---|---|---|---|
| 001 | WB3419-08 | ||
| 008 | 090401t1998 xxu||||| |||| 00| 0 eng d | ||
| 035 | _a(Sirsi) u86371 | ||
| 041 | _aeng | ||
| 245 | _aShopping for space | ||
| 260 | _c1998 | ||
| 350 | _a0 | ||
| 490 |
_aFinancial Times _v22 May 1998, 9(1) |
||
| 520 | _aDiscusses the under-provision of retail floorspace in Birmingham and the two competing retail redevelopment schemes which are seeking to transform the city centre. | ||
| 650 | _aBIRMINGHAM | ||
| 650 | _aBULL RING | ||
| 650 | _aFLOORSPACE | ||
| 650 | _aHAMMERSONS | ||
| 650 | _aLAND SECURITIES | ||
| 650 | _aMARTINEAU GALLERIES | ||
| 650 | _aREDEVELOPMENT | ||
| 650 | _aRETAIL SECTOR | ||
| 690 | _aPROPERTY-COMMERCIAL PROPERTY-RETAIL PROPERTY | ||
| 942 | _n0 | ||
| 948 | _c22/05/1998 | ||
| 999 |
_c54359 _d54359 |
||